|
|
|
|
| LEADER |
00000nam0a2200000 4500 |
| 001 |
684447 |
| 005 |
20260325111010.0 |
| 010 |
|
|
|a 978-5-209-11970-8
|
| 090 |
|
|
|a 684447
|
| 100 |
|
|
|a 20260126d2024 m||y0rusy50 ca
|
| 101 |
0 |
|
|a rus
|
| 102 |
|
|
|a RU
|
| 105 |
|
|
|a a j 001yy
|
| 181 |
|
0 |
|a i
|b e
|
| 182 |
|
0 |
|a n
|
| 183 |
|
0 |
|a nc
|2 RDAcarrier
|
| 200 |
1 |
|
|a Оказание первой помощи: алгоритмы действий, самопомощь, использование подручных средств, юридические аспекты
|e учебное пособие
|f В. Е. Пинаев, И. В. Головачёва
|
| 203 |
|
|
|a Текст
|b визуальный
|c непосредственный
|
| 210 |
|
|
|a Москва
|c Изд-во РУДН
|d 2024
|
| 215 |
|
|
|a 107 с.
|c ил.
|
| 225 |
1 |
|
|a Золотая серия
|
| 283 |
|
|
|a volume
|2 RDAcarrier
|
| 320 |
|
|
|a Литература: с. 74-82
|
| 330 |
|
|
|a Пособие подготовлено в соответствии с требованиями Приказа Министерства здравоохранения и социального развития РФ от 4 мая 2012 г. № 477н "Об утверждении перечня состояний, при которых оказывается первая помощь, и перечня мероприятий по оказанию первой помощи" и положениями ст. 31-36 Федерального закона от 21 ноября 2011 г. № 323-ФЗ "Об основах охраны здоровья граждан в Российской Федерации". В нем рассматривается алгоритм действий взаимо- и самопомощи, с использованием при этом подручных средств, а также аспекты поведения лиц при чрезвычайных ситуациях. В пособии освещаются некоторые сложные вопросы как нормативного порядка, так и обусловленные практическими действиями в конкретных условиях при оказании первой помощи. Для студентов, обучающихся по направлению "Экология природопользования", дисциплина "Безопасность жизнедеятельности". Рекомендовано молодым специалистам при работе в сложных условиях, вызванных природными катаклизмами, а также лиц оказывающих помощь во имя спасения человеческой жизни.
|
| 606 |
|
|
|a Первая медицинская помощь
|9 76632
|
| 610 |
1 |
|
|a безопасность жизнедеятельности
|
| 610 |
1 |
|
|a первая помощь
|
| 610 |
1 |
|
|a аптечки
|
| 610 |
1 |
|
|a медицинская помощь
|
| 610 |
1 |
|
|a учебные пособия
|
| 675 |
|
|
|a 614.8
|v 4
|
| 700 |
|
1 |
|a Пинаев
|b В. Е.
|g Владимир Евгеньевич
|
| 701 |
|
1 |
|a Головачёва
|b И. В.
|g Ирина Васильевна
|
| 801 |
|
0 |
|a RU
|b 63413507
|c 20260126
|
| 850 |
|
|
|a 63413507
|
| 942 |
|
|
|c BK
|